Methods and techniques of research / (Record no. 17906)
[ view plain ]
| 000 -LEADER | |
|---|---|
| fixed length control field | 00533nam a22002057a 4500 |
| 003 - CONTROL NUMBER IDENTIFIER | |
| control field | OSt |
| 005 - DATE AND TIME OF LATEST TRANSACTION | |
| control field | 20140310182951.0 |
| 008 - FIXED-LENGTH DATA ELEMENTS--GENERAL INFORMATION | |
| fixed length control field | 130206t xxu||||| |||| 00| 0 eng d |
| 020 ## - INTERNATIONAL STANDARD BOOK NUMBER | |
| International Standard Book Number | 9712323013 |
| 050 ## - LIBRARY OF CONGRESS CALL NUMBER | |
| Classification number | LB 2369 |
| Item number | .Sa26 2002 |
| 100 ## - MAIN ENTRY--PERSONAL NAME | |
| Personal name | Sanchez, C.A. |
| 245 ## - TITLE STATEMENT | |
| Title | Methods and techniques of research / |
| Statement of responsibility, etc | Custodiosa Ancheta Sanchez. |
| 260 ## - PUBLICATION, DISTRIBUTION, ETC. (IMPRINT) | |
| Place of publication, distribution, etc | Manila : |
| Name of publisher, distributor, etc | Rex Book Store, |
| Date of publication, distribution, etc | 2002. |
| 300 ## - PHYSICAL DESCRIPTION | |
| Extent | 263 p. : |
| Other physical details | ill. ; |
| Dimensions | 23 cm. |
| 521 ## - TARGET AUDIENCE NOTE | |
| Target audience note | |
| 562 ## - COPY AND VERSION IDENTIFICATION NOTE | |
| Number of copies | 2 |
| 942 ## - ADDED ENTRY ELEMENTS (KOHA) | |
| Source of classification or shelving scheme | Library of Congress Classification |
| Koha item type | Books |
| Call number prefix | Local |
| Withdrawn status | Lost status | Source of classification or shelving scheme | Damaged status | Home library | Current library | Shelving location | Date acquired | Total Checkouts | Full call number | Barcode | Date last seen | Copy number | Price effective from | Koha item type | Total Renewals | Date checked out |
|---|---|---|---|---|---|---|---|---|---|---|---|---|---|---|---|---|
| Library of Congress Classification | College Library | College Library | General Circulation Section | 02/06/2013 | LB 2369 .Sa26 2002 | C6693 | 05/15/2018 | 1 | 02/06/2013 | Books | ||||||
| Library of Congress Classification | College Library | College Library | General Circulation Section | 11/26/2013 | 3 | LB 2369 .Sa26 2002 | C6692 | 12/17/2020 | 2 | 11/26/2013 | Books | 14 | 10/06/2020 |